Fundamentals of aquatic ecosystems
Saved in:
| Hovedforfatter: | |
|---|---|
| Andre forfattere: | |
| Format: | Bog |
| Sprog: | engelsk |
| Udgivet: |
Oxford
Blackwell Scientific Publications
1980
|
| Fag: | |
| Tags: |
Tilføj Tag
Ingen Tags, Vær først til at tagge denne postø!
|
MARC
| LEADER | 00000nam a2200000 a 4500 | ||
|---|---|---|---|
| 001 | UCU2360 | ||
| 003 | CL-VaPUC | ||
| 008 | 960426e19800000UK |||||||||||||||||eng|d | ||
| 082 | 0 | 4 | |a 577.6 |b BAR |2 21 |
| 100 | 0 | |a Barnes, Richard Stephen Kent |e author |9 358454 | |
| 700 | |a Mann, Kenneth Henry |e autor |9 573284 | ||
| 245 | 1 | 0 | |a Fundamentals of aquatic ecosystems |
| 300 | |a 229 p | ||
| 942 | |c BK | ||
| 945 | |d 19960426 00:00:00 |a rbrito | ||
| 260 | |a Oxford |b Blackwell Scientific Publications |c 1980 | ||
| 650 | 0 | |a Ecología |9 258124 | |
| 650 | 0 | |a Ecosistemas acuáticos |9 343699 | |
| 650 | 0 | |a Fitoplancton |9 261810 | |
| 650 | 0 | |a Zooplancton |9 261816 | |
| 650 | 7 | |a MEDIO AMBIENTE ACUATICO |2 CL-VaPUC |9 338572 | |
| 650 | 0 | |a Recursos pesqueros |9 255431 | |
| 650 | 0 | |a Recursos marinos |9 261196 | |
| 650 | 0 | |a Vida marina |9 358177 | |
| 650 | 7 | |a BIOSFERA |2 CL-VaPUC |9 264378 | |
| 583 | |a last modification |c 20190729 10:49:54 |k Rodrigo Vera | ||
| 999 | |c 246667 |d 246665 | ||
| 952 | |0 0 |1 0 |4 0 |6 577_600000000000000_BAR_1980 |7 0 |8 A |9 261843 |a BIBCUR |b BIBCUR |d 2019-11-19 |i 319406K |o 577.6 BAR 1980 |p 319406K |r 2025-04-22 |w 2019-11-19 |y BK |k BCB | ||